000 00619nam a2200217Ii 4500
003 JO-AjNU
008 230606s9999||||xx |||||||||||||| ||und||
020 _a0-273-60435-X
040 _aJO-AjNU
_beng
_erda
_cJO-AjNU
041 _aeng
050 1 4 _aHF5636 .D97 1994
100 3 _aDyson,J R,
_eauthor
_93102
245 0 0 _a Accounting for Non- Accounting Students
250 _a3 ed
264 3 1 _aLondon : Pitman ,1994
300 _a574p
_b Includes indexes(p569-574)
336 _atext
_btxt
_2rdacontent
337 _aunmediated
_bn
_2rdamedia
338 _avolume
_bnc
_2rdacarrier
650 4 _aAccounting
_93103
999 _aE1626
_c1626
_d1626